|
|
|
|
| LEADER |
00743nam a22002052a 4500 |
| 001 |
000251503 |
| 003 |
CZ BrMZK |
| 005 |
19970103143423.0 |
| 008 |
970103s1986 pl f pol d |
| 040 |
|
|
|a BOA001
|b cze
|
| 080 |
|
|
|a 51(075.8)
|2 MRF
|
| 100 |
1 |
|
|a Bronštejn, Il‘ja Nikolajevič,
|d 1903-1976
|7 mzk2003217321
|
| 245 |
1 |
0 |
|a Matematyka :
|b poradnik encyklopedyczny.
|n Częśc¸piąta, częśc¸szósta /
|c I.N. Bronsztejn, K.A. Siemiendiajew
|
| 250 |
|
|
|a 7. wyd.
|
| 260 |
|
|
|a Warszawa :
|b Państwowe Wydawnictwo Naukowe,
|c 1986
|
| 300 |
|
|
|a S. 618-850.
|
| 700 |
1 |
|
|a Siemiendiajew, K. A.
|
| 910 |
|
|
|a BOA001
|b TK-0230.367/5,6
|
| 990 |
|
|
|a BK
|
| 996 |
7 |
|
|b 2629999907
|c TK-0230.367/5,6
|l MZK
|r Sklad / do 24 hodin
|n 0
|w 000251503
|u 000010
|a 1
|e BOA001
|j MZK50
|s A
|